Normal view
MARC view
- URDU ADAB-FICTIONS URDU ADAB-SAFAR NAMAY
Entry Topical Term
001 - CONTROL NUMBER
- control field: 76984
003 - CONTROL NUMBER IDENTIFIER
- control field: NUST
005 - DATE AND TIME OF LATEST TRANSACTION
- control field: 20210628205754.0
008 - FIXED-LENGTH DATA ELEMENTS
- fixed length control field: 210628|| aca||aabn | a|a d
040 ## - CATALOGING SOURCE
- Original cataloging agency: NUST
- Transcribing agency: NUST
150 ## - HEADING--TOPICAL TERM
- Topical term or geographic name entry element: URDU ADAB-FICTIONS URDU ADAB-SAFAR NAMAY
670 ## - SOURCE DATA FOUND
- Source citation: Work cat.: (NUST): Ashfaq Ahmad 3162, Safar-e-meena afsanay - safarnamay, 1991
